[Event "chess.com Speed 3m+2spm 2017"]
[Site "chess.com INT"]
[Date "2017.12.16"]
[Round "3.19"]
[White "Karjakin,Sergey"]
[Black "Nakamura,Hi"]
[Result "1/2-1/2"]
[WhiteElo "2783"]
[BlackElo "2786"]

1.c4 Nf6 2.Nc3 e6 3.e4 d5 4.e5 d4 5.exf6 dxc3 6.bxc3 Qxf6 7.Nf3 Nc6 8.Bd3 Ne5
9.Be2 Nxf3+ 10.Bxf3 Bd6 11.O-O O-O 12.d4 Bf4 13.Re1 c6 14.g3 Bxc1 15.Rxc1 Bd7
16.Bg2 Rab8 17.Qa4 a6 18.c5 b6 19.Qxa6 bxc5 20.dxc5 Ra8 21.Qb7 Rxa2 22.Rf1 Bc8
23.Qb3 Ra5 24.Qb6 Ra6 25.Qc7 Qf5 26.Rcd1 e5 27.Rd8 g6 28.Bxc6 Rxd8 29.Qxd8+ Kg7
30.Bd5 Qd7 31.Qxd7 Bxd7 32.c4 Ra5 33.c6 Be6 34.Bxe6 fxe6 35.Rd1 Rc5 36.Rd7+ Kf6
37.Rxh7 Rxc6 38.Rh4 Rd6 39.Kg2 Rd2 40.Kf3 Rc2 41.Re4 Kf5 42.g4+ Kf6 43.h4 Kf7
44.g5 Ke7 45.Ke3 Kd6 46.f4 exf4+ 47.Rxf4 Ke5 48.Re4+ Kf5 49.Kd3 Ra2 50.Re2 Ra5
51.Rf2+ Ke5 52.Rf6 Ra3+ 53.Ke2 Rh3 54.Rxg6 Rxh4 55.Kd3 Rh3+ 56.Kd2 Rg3 57.Rg8 Kf5
58.c5 Rg4 59.Kc3 Rg1 60.Kb2 Rg4 61.Kb3 Rg1 62.g6 Rc1 63.Kb4 Kf6 64.Kb5 Rb1+
65.Kc6 e5 66.Kc7 e4 67.c6 e3 68.Re8 Rb3 69.Kd6 Rd3+ 70.Kc5 Rc3+ 71.Kb6 Rb3+
72.Ka5 Rc3 73.Kb5 Kxg6 74.c7 Rxc7 75.Rxe3  1/2-1/2

[Event "chess.com Speed 3m+2spm 2017"]
[Site "chess.com INT"]
[Date "2017.12.16"]
[Round "3.13"]
[White "Karjakin,Sergey"]
[Black "Nakamura,Hi"]
[Result "0-1"]
[WhiteElo "2783"]
[BlackElo "2786"]

1.d4 Nf6 2.c4 e6 3.Nf3 d5 4.Nc3 Be7 5.Bf4 O-O 6.e3 c5 7.dxc5 Bxc5 8.cxd5 Nxd5
9.Nxd5 exd5 10.a3 Nc6 11.Bd3 Bb6 12.O-O Qf6 13.b4 h6 14.b5 Nd4 15.Nxd4 Bxd4
16.Rb1 Be5 17.Bxe5 Qxe5 18.Qd2 Be6 19.Rfc1 Rfc8 20.h3 b6 21.Qb4 Rd8 22.Rd1 Rac8
23.Rd2 Qc3 24.Be2 Qxb4 25.Rxb4 Rc1+ 26.Kh2 Rc3 27.Ra4 Rd7 28.g4 g5 29.Kg2 Kg7
30.Rd3 Rc2 31.Bf3 Rb2 32.Rb4 Rxb4 33.axb4 Kf6 34.Ra3 d4 35.exd4 Rxd4 36.Rxa7 Rxb4
37.Bc6 Bc4 38.Rb7 Bxb5 39.Bxb5 Rxb5 40.h4 Rb1 41.Kg3 Rb3+ 42.f3 Kg6 43.Rb8 Kg7
44.Rb7 Rb1 45.Rb8 b5 46.Rb7 b4 47.Rb5 f6 48.Rb7+ Kf8 49.hxg5 hxg5 50.Kf2 b3
51.Kg2 Ke8 52.Kh2 Kd8 53.Kg2 Kc8 54.Rb4 Kc7 55.f4 Kc6 56.fxg5 fxg5 57.Rb8 Kd5
58.Rb5+ Kc4 59.Rxg5 b2 60.Rg8 Rc1  0-1

[Event "chess.com Speed 3m+2spm 2017"]
[Site "chess.com INT"]
[Date "2017.12.16"]
[Round "3.12"]
[White "Nakamura,Hi"]
[Black "Karjakin,Sergey"]
[Result "1/2-1/2"]
[WhiteElo "2786"]
[BlackElo "2783"]

1.b3 Nf6 2.Bb2 d5 3.Nf3 Bg4 4.h3 Bxf3 5.exf3 Nbd7 6.f4 g6 7.g3 Bg7 8.Bg2 O-O
9.O-O e6 10.d3 Ne8 11.c3 Nd6 12.Nd2 a5 13.a3 c6 14.Qc2 b5 15.Nf3 Qc7 16.Rae1 Nf5
17.a4 bxa4 18.bxa4 Rfb8 19.Ba3 Bf8 20.Bxf8 Nxf8 21.c4 Qd6 22.g4 Ne7 23.Qd2 Rb4
24.Ra1 Rd8 25.Qe3 dxc4 26.dxc4 Rxc4 27.Ne5 Rb4 28.Rfd1 Nd5 29.Qc1 Rc8 30.Nd3 Rd4
31.f5 c5 32.Ne1 Nf4 33.Rxd4 Qxd4 34.Ra2 Nxg2 35.Nxg2 c4 36.Rd2 Qe4 37.fxg6 Nxg6
38.Qc3 Ne5 39.Rd1 Nd3 40.Ne3 Nf4 41.Qf6 Nxh3+ 42.Kh2 Qf4+ 43.Qxf4 Nxf4 44.Rd4 c3
45.Rxf4 c2 46.Nxc2 Rxc2 47.Kg3 Rc5 48.Rd4 h5 49.gxh5 Rxh5 50.Rd8+ Kg7 51.Rb8 Kf6
52.Rb7 Rd5 53.Ra7 Kg6 54.f3 f6 55.Ra6 Kf5 56.Ra8 e5 57.Ra6 Kg5 58.Ra8 f5
59.Rg8+ Kf6 60.Rf8+ Kg6 61.Rg8+ Kf7 62.Ra8 Ke7 63.Ra6 Kd7 64.Kg2 Kc7 65.Kg3 Kb7
66.Re6 f4+ 67.Kg4 Rd4 68.Rxe5 Rxa4 69.Kf5 Kb6 70.Re6+ Kb5 71.Re5+ Kb4 72.Kxf4 Ra1
73.Re8 a4 74.Kf5 a3 75.f4 a2 76.Ra8  1/2-1/2

[Event "chess.com Speed 3m+2spm 2017"]
[Site "chess.com INT"]
[Date "2017.12.16"]
[Round "3.16"]
[White "Nakamura,Hi"]
[Black "Karjakin,Sergey"]
[Result "1-0"]
[WhiteElo "2786"]
[BlackElo "2783"]

1.b3 Nf6 2.Bb2 d5 3.e3 Bg4 4.Nf3 e6 5.Be2 Be7 6.O-O O-O 7.d4 Nbd7 8.c4 c6
9.Nc3 Bh5 10.c5 a5 11.a3 b5 12.b4 Qc7 13.Qc2 Ra7 14.Nd2 Bxe2 15.Nxe2 Rfa8
16.Nb3 axb4 17.axb4 e5 18.dxe5 Nxe5 19.Rxa7 Rxa7 20.Bxe5 Qxe5 21.Nbd4 Qc7
22.h3 g6 23.Nc3 Ra8 24.Qb3 Bf8 25.Qb2 Nd7 26.Ra1 Qb7 27.Rxa8 Qxa8 28.Qa2 Qxa2
29.Nxa2 Nb8 30.Kf1 Bg7 31.Nb3 f5 32.Ke2 Kf7 33.Kd3 Ke6 34.Nd4+ Kd7 35.Nc1 Na6
36.Kc3 Nc7 37.Nd3 Ne6 38.f4 h5 39.h4 Bf6 40.Ne5+ Bxe5 41.fxe5 Nc7 42.Ne2 Ne6
43.Kd3 Ke7 44.Nd4 Kd7 45.Ke2 Nc7 46.Kf3 Na6 47.e6+ Ke7 48.Nxc6+ Kxe6 49.Ke2 Kf6
50.Kd3 g5 51.g3 gxh4 52.gxh4 f4 53.exf4 Kf5 54.Ke3 Kg4 55.Ne5+ Kxh4 56.c6 Nc7
57.Kf3 d4 58.Ng6+ Kh3 59.f5 d3 60.f6 Ne6 61.Nf4+ Nxf4 62.c7  1-0

[Event "chess.com Speed 3m+2spm 2017"]
[Site "chess.com INT"]
[Date "2017.12.16"]
[Round "3.15"]
[White "Karjakin,Sergey"]
[Black "Nakamura,Hi"]
[Result "1/2-1/2"]
[WhiteElo "2783"]
[BlackElo "2786"]

1.d4 Nf6 2.Bf4 e6 3.e3 c5 4.c3 d5 5.Nd2 Nc6 6.Ngf3 cxd4 7.exd4 Nh5 8.Be3 Bd6
9.Ne5 Nf6 10.Ndf3 Qc7 11.Nd3 O-O 12.g3 b6 13.Bg2 Ba6 14.O-O Ne4 15.Re1 Rad8
16.Bf4 Bxd3 17.Bxd6 Nxd6 18.Qxd3 Qe7 19.a4 Rb8 20.Nd2 Qc7 21.h4 Rfe8 22.Qf3 a6
23.Bf1 b5 24.b4 a5 25.axb5 Nxb5 26.bxa5 Nxa5 27.Rec1 Nd6 28.Bd3 Nb3 29.Nxb3 Rxb3
30.Bc2 Rb2 31.Bd3 Rc8 32.h5 Qe7 33.Qf4 Ne8 34.h6 Qf6 35.Qxf6 Nxf6 36.c4 gxh6
37.cxd5 Rxc1+ 38.Rxc1 Nxd5 39.Be4 Nf6 40.Bf3 Rd2 41.Rc4 Kg7 42.Kf1 Ra2 43.Kg1 Ra7
44.Kf1 h5 45.Kg2 Rd7 46.Ra4 Ng4 47.Bxg4 hxg4 48.d5 Rxd5 49.Rxg4+ Kf6 50.Rh4 Kg6
51.Rg4+ Rg5 52.Rh4 h5 53.Ra4 Kg7 54.Kh3 Rf5 55.Kg2 Rb5 56.Rc4 Rd5 57.Rh4 Kg6
58.Ra4 Rd2 59.Rb4 e5 60.Rb8 e4 61.Kf1 Kf5 62.Rg8 f6 63.Rg7 Ra2 64.Kg1 Rb2
65.Kf1 e3 66.fxe3 Ke4 67.Kg1 Kf3 68.Rg6 Rg2+ 69.Kh1 Rxg3 70.Rxf6+  1/2-1/2

[Event "chess.com Speed 3m+2spm 2017"]
[Site "chess.com INT"]
[Date "2017.12.16"]
[Round "3.14"]
[White "Nakamura,Hi"]
[Black "Karjakin,Sergey"]
[Result "0-1"]
[WhiteElo "2786"]
[BlackElo "2783"]

1.b3 Nf6 2.Bb2 d5 3.Nf3 Bg4 4.g3 e6 5.Bg2 Nbd7 6.O-O Be7 7.d3 O-O 8.Nbd2 c6
9.h3 Bh5 10.g4 Bg6 11.Nh4 a5 12.a3 Ne8 13.Nxg6 hxg6 14.e3 Nd6 15.f4 Bf6 16.c3 e5
17.a4 Re8 18.d4 exf4 19.exf4 g5 20.f5 Qc7 21.Qf3 Ne4 22.Nxe4 Rxe4 23.Qd3 Ree8
24.Bc1 Nb6 25.Be3 Nc8 26.h4 Qg3 27.Rf3 Qxg4 28.hxg5 Bxg5 29.Bxg5 Qxg5 30.Rg3 Qf6
31.Rf1 Nd6 32.Rg4 Qh6 33.Rf3 Re4 34.Rh3 Qc1+  0-1

[Event "chess.com Speed 5m+2spm 2017"]
[Site "chess.com INT"]
[Date "2017.12.16"]
[Round "3.8"]
[White "Nakamura,Hi"]
[Black "Karjakin,Sergey"]
[Result "1/2-1/2"]
[WhiteElo "2786"]
[BlackElo "2783"]

1.b3 e5 2.Bb2 Nc6 3.e3 Nf6 4.Bb5 Bd6 5.Na3 e4 6.Nc4 Be7 7.Bxc6 bxc6 8.f3 O-O
9.fxe4 Nxe4 10.Nf3 Bf6 11.Bxf6 Nxf6 12.O-O d6 13.Nd4 c5 14.Nf5 g6 15.Ng3 Ba6
16.Qf3 Nd7 17.d3 Bxc4 18.bxc4 Qe7 19.Ne4 Kg7 20.Nc3 Ne5 21.Qg3 c6 22.Rab1 Rab8
23.Rb3 Rb6 24.h3 f5 25.Rfb1 Rfb8 26.Rf1 Rf8 27.Rfb1 Rfb8 28.Ne2 Nd7 29.Rf1 Re8
30.Rxf5 Qxe3+ 31.Qxe3 Rxe3 32.Rf2 d5 33.cxd5 cxd5 34.Ra3 a6 35.Nc3 Nf6 36.Kh2 d4
37.Na4 Rc6 38.Nb2 h5 39.Rb3 h4 40.Nc4 Re1 41.Nd2 Ra1 42.Nf3 Rxa2 43.Rb7+ Kh6
44.Ne5 Re6 45.Nf7+ Kh5 46.Rc7 Ra5 47.Nd8 Rb6 48.Nc6 Ra1  1/2-1/2

[Event "chess.com Speed 5m+2spm 2017"]
[Site "chess.com INT"]
[Date "2017.12.16"]
[Round "3.10"]
[White "Nakamura,Hi"]
[Black "Karjakin,Sergey"]
[Result "1/2-1/2"]
[WhiteElo "2786"]
[BlackElo "2783"]

1.b3 d5 2.Bb2 Nf6 3.Nf3 Bg4 4.g3 Nbd7 5.Bg2 e6 6.d3 c6 7.Nbd2 Be7 8.h3 Bh5
9.O-O O-O 10.g4 Bg6 11.Nh4 Ne8 12.Nxg6 hxg6 13.e3 Nd6 14.f4 g5 15.Nf3 gxf4
16.exf4 Bf6 17.c3 g6 18.Qd2 a5 19.Rae1 a4 20.Ne5 axb3 21.axb3 Ra2 22.Kh1 Bg7
23.Qc2 Qc7 24.Qb1 Rfa8 25.c4 Nc5 26.Bd4 Nd7 27.Bc3 Qd8 28.Qd1 Qh4 29.Re2 Nf6
30.Bb4 Nfe8 31.Be1 Qd8 32.Bg3 Nf6 33.Bf2 Nd7 34.Bg3 Nf6 35.Bf2 Nd7 36.Bg3  1/2-1/2

[Event "chess.com Speed 5m+2spm 2017"]
[Site "chess.com INT"]
[Date "2017.12.16"]
[Round "3.9"]
[White "Karjakin,Sergey"]
[Black "Nakamura,Hi"]
[Result "1/2-1/2"]
[WhiteElo "2783"]
[BlackElo "2786"]

1.e4 e5 2.Nf3 Nc6 3.Bc4 Bc5 4.c3 Nf6 5.d3 d6 6.O-O a6 7.a4 Ba7 8.Na3 O-O
9.Nc2 Ne7 10.Be3 Bxe3 11.Nxe3 Ng4 12.Re1 Nxe3 13.Rxe3 Ng6 14.g3 Bg4 15.d4 Kh8
16.Be2 Bxf3 17.Rxf3 Qe7 18.d5 a5 19.Qd2 Rfc8 20.b4 Nf8 21.Bb5 h6 22.h4 Nh7
23.Bf1 Nf6 24.Re3 c6 25.dxc6 Rxc6 26.Rd1 Rd8 27.Bb5 Rcc8 28.bxa5 Ra8 29.c4 Qc7
30.Kg2 Rxa5 31.c5 d5 32.exd5 Rxd5 33.Qxd5 Nxd5 34.Rxd5 Ra8 35.Rdxe5 Rf8  1/2-1/2

[Event "chess.com Speed 5m+2spm 2017"]
[Site "chess.com INT"]
[Date "2017.12.16"]
[Round "3.7"]
[White "Karjakin,Sergey"]
[Black "Nakamura,Hi"]
[Result "1/2-1/2"]
[WhiteElo "2783"]
[BlackElo "2786"]

1.e4 e5 2.Nf3 Nc6 3.Bb5 Nf6 4.O-O Nxe4 5.Re1 Nd6 6.Nxe5 Be7 7.Bf1 Nf5 8.Nf3 O-O
9.d4 d5 10.c3 Re8 11.g3 Bd6 12.Nbd2 Rxe1 13.Nxe1 g6 14.Nd3 Nce7 15.Nf3 f6
16.Bf4 c6 17.Qd2 g5 18.Bxd6 Qxd6 19.Re1 Ng7 20.h4 h6 21.hxg5 hxg5 22.Nxg5 fxg5
23.Qxg5 Ng6 24.Ne5 Bf5 25.g4 Nxe5 26.dxe5 Qg6 27.Qxg6 Bxg6 28.f4 Rf8 29.f5 Nxf5
30.gxf5 Bxf5 31.Re3 Kf7 32.Rg3 Ke6 33.Rg7 Rf7 34.Rxf7 Kxf7 35.Kf2 Ke6 36.Ke3 Kxe5
37.a3 c5 38.Be2 Bd7 39.Bf3 Bc6 40.Bh5 Bb5 41.Bg6 a5 42.Bh5 Bc6 43.Bg6 Kd6
44.Bh5 Kc7 45.Be2 Kb6 46.Bf1 Bb5 47.Bg2 Bc4 48.Bh3 Kb5 49.Bd7+ Kb6 50.Bh3 Kc6
51.Bg2 Bb3 52.Bh3 Kb5 53.Bd7+ Kc4 54.Kd2 b5 55.Bg4 Ba4 56.Be6 Kb3 57.Kc1 Kc4
58.Kd2 b4 59.axb4 axb4 60.cxb4 cxb4 61.Bf7 Bc6 62.Be6 Kb3 63.Kc1 Ka2 64.Kc2 Ba4+
65.Kc1 Bb3 66.Bf5 d4 67.Bb1+ Ka1 68.Bd3 Bd5 69.Be2 Be4 70.Bc4 Bh7 71.Bd5 Bg6
72.Bc4 d3 73.b3 Ka2 74.Kd2 Kb2 75.Bd5 Bf5 76.Bc4 Bh7 77.Bd5 Bg6 78.Bc4 Bh5
79.Bd5 Bg4 80.Bc4 Bd7 81.Bd5 Bb5 82.Be6 Ka3 83.Bd5 Be8 84.Be6 Bc6 85.Bf7 Bd7
86.Bd5 Be8 87.Be6 Bd7 88.Bxd7 Kxb3 89.Kxd3 Ka3 90.Be6 b3 91.Bxb3  1/2-1/2

[Event "chess.com Speed 5m+2spm 2017"]
[Site "chess.com INT"]
[Date "2018.01.03"]
[Round "4.6"]
[White "Carlsen,M"]
[Black "Nakamura,Hi"]
[Result "1/2-1/2"]
[WhiteElo "2832"]
[BlackElo "2786"]

1.Nf3 d5 2.g3 g6 3.Bg2 Bg7 4.O-O e5 5.d3 Ne7 6.e4 O-O 7.Nc3 d4 8.Ne2 c5 9.Nd2 Nbc6
10.f4 Be6 11.Nf3 exf4 12.Nxf4 Bg4 13.h3 Bxf3 14.Qxf3 Ne5 15.Qe2 Qd7 16.Bd2 Rae8
17.b3 N5c6 18.h4 h5 19.Bh3 Qd6 20.g4 hxg4 21.Qxg4 f5 22.exf5 Ne5 23.Qg2 Nxf5
24.Bxf5 Rxf5 25.Nh3 Ref8 26.Rxf5 Rxf5 27.Rf1 Rxf1+ 28.Kxf1 Qf6+ 29.Nf4 Kh7
30.Qxb7 Qxh4 31.Qg2 Qf6 32.Ke2 Bh6 33.Qe4 Bxf4 34.Bxf4 Nc6 35.a3 Qh4 36.Bd6 Qh5+
37.Kd2 Qg5+ 38.Kd1 Qg1+ 39.Qe1 Qg2 40.Kc1 Qd5 41.Bf8 g5 42.Kb2 Ne5 43.Qa5 Nxd3+
44.cxd3 Qg2+ 45.Kc1 Qf1+ 46.Kc2 Qxf8 47.Qxa7+ Kg6 48.b4 cxb4 49.Qb6+ Kh5
50.axb4 Qf2+ 51.Kb3 g4 52.Qc5+ Kh4 53.Qe7+ Kh5 54.b5 g3 55.b6 g2 56.Qh7+ Kg4
57.Qe4+ Kg5 58.Qe5+ Kg6 59.Qe6+ Kg5 60.Qe5+ Kg4 61.Qe4+ Kg5 62.Qe5+ Qf5 63.Qg3+ Qg4
64.Qe5+ Kh4 65.Qh2+ Kg5 66.Qe5+ Kg6 67.Qd6+ Kf7 68.Qc7+ Kf6 69.Qd8+ Kf5 70.Qd7+ Kg5
71.Qg7+ Kf4 72.Qxd4+ Kf3 73.Qd5+ Ke2 74.Qe5+ Kf2 75.Qc5+ Kf3  1/2-1/2

[Event "chess.com Speed 1m+1spm 2017"]
[Site "chess.com INT"]
[Date "2018.01.03"]
[Round "4.23"]
[White "Nakamura,Hi"]
[Black "Carlsen,M"]
[Result "0-1"]
[WhiteElo "2786"]
[BlackElo "2832"]

1.e4 c6 2.Nc3 d5 3.Nf3 Bg4 4.h3 Bxf3 5.Qxf3 e6 6.d3 Nf6 7.g3 Bb4 8.a3 Bxc3+
9.bxc3 dxe4 10.dxe4 Nbd7 11.Bg2 O-O 12.O-O Qa5 13.a4 Rfd8 14.Qe3 Nb6 15.f4 Nc4
16.Qf3 Nd2 17.Bxd2 Rxd2 18.Rab1 b6 19.Rfd1 Rad8 20.Rxd2 Rxd2 21.Rd1 Nxe4
22.Rxd2 Nxd2 23.Qd3 Qc5+ 24.Kh2 Nc4 25.Qd8+ Qf8 26.Qc7 g6 27.Qxa7 Qd8 28.Qa6 Nb2
29.Bxc6 Nd1 30.Qd3 Qxd3 31.cxd3 Nxc3 32.Kg2 Kf8 33.Kf3 Ke7 34.Ke3 Kd6 35.Be8 f6
36.Kd2 Nd5 37.d4 Nc7 38.Bf7 Ke7 39.Bg8 h6 40.Kc3 Kf8  0-1

[Event "chess.com Speed 1m+1spm 2017"]
[Site "chess.com INT"]
[Date "2018.01.03"]
[Round "4.20"]
[White "Carlsen,M"]
[Black "Nakamura,Hi"]
[Result "1-0"]
[WhiteElo "2832"]
[BlackElo "2786"]

1.Nf3 g6 2.g3 Bg7 3.Bg2 d6 4.O-O Bd7 5.c4 Qc8 6.Nc3 Nc6 7.d4 Bh3 8.Qa4 Bd7
9.d5 Ne5 10.Qb3 h5 11.h4 Ng4 12.c5 dxc5 13.Bf4 N8f6 14.Nb5 Nxd5 15.Ng5 e6
16.Bxd5 Bxb5 17.Bxe6 fxe6 18.Qxb5+ c6 19.Qxc5 e5 20.Qc4 Qf5 21.e4 Qf6 22.Be3 O-O-O
23.Bxa7 Rd7 24.Bb6 Bh6 25.Qa4 Rd3 26.Rad1 Rd4  1-0

[Event "chess.com Speed 1m+1spm 2017"]
[Site "chess.com INT"]
[Date "2018.01.03"]
[Round "4.19"]
[White "Nakamura,Hi"]
[Black "Carlsen,M"]
[Result "1/2-1/2"]
[WhiteElo "2786"]
[BlackElo "2832"]

1.e4 c5 2.Nc3 Nc6 3.Nf3 g6 4.d4 cxd4 5.Nxd4 Bg7 6.Be3 Nf6 7.Bc4 O-O 8.Bb3 Re8
9.O-O d6 10.h3 Bd7 11.f4 Nxd4 12.Bxd4 Bc6 13.e5 dxe5 14.fxe5 Nd5 15.Qf3 Nxc3
16.Bxf7+ Kh8 17.Qxc3 Rf8 18.Rad1 e6 19.Bxe6 Qg5 20.Bg4 Rxf1+ 21.Rxf1 Rd8
22.Bxa7 Bxe5 23.Be3 Qe7 24.Qb3 h5 25.Bf3 Bxf3 26.Rxf3 Rd1+ 27.Kf2 Kg7 28.Ke2 Rd7
29.c3 Bf6 30.Kf1 Qe4 31.Bd4 Bxd4 32.cxd4 Qxd4 33.Qc3 Qxc3 34.Rxc3 h4 35.Rb3 Kh6
36.Rb5 g5 37.a4 Kh5 38.Kf2 Rf7+ 39.Kg1 Re7 40.Rb6 Re1+ 41.Kf2 Re7 42.a5 Rf7+
43.Ke3 Re7+ 44.Kf2 Rf7+ 45.Kg1 Re7 46.b4 Rd7 47.Kf2 Rf7+ 48.Ke3 Re7+ 49.Kd3 Rd7+
50.Ke4 Re7+ 51.Kf5 Rf7+ 52.Rf6 Rd7 53.Rb6 Rf7+ 54.Ke5 Re7+ 55.Kd6 Rg7 56.Ke5 g4
57.Kf6 Rg6+ 58.Kf5 Rg5+ 59.Kf4 gxh3 60.gxh3 Rg7 61.Rb5+ Kh6 62.Rf5 Rg3 63.Rf6+ Kh5
64.Rf5+ Kg6 65.Rb5 Rxh3 66.Rb6+ Kh5 67.Rb5+ Kg6 68.Kg4 Rd3 69.Kxh4 Rd7 70.Kg4 Kf6
71.Kf4 Ke7 72.Ke4 Kd8 73.Rd5 Kc7 74.Rxd7+ Kxd7 75.Kd5 Kc7 76.b5 Kd7 77.Ke5 Kc7
78.Ke6 Kc8 79.Ke7 Kc7 80.Ke8 Kc8 81.Ke7 Kc7 82.Ke6 Kc8 83.Kd5 Kd7 84.Kc4 Kc7
85.Kd4 Kc8 86.Kd5 Kc7 87.Kd4 Kc8 88.b6 Kb8 89.Kc5 Ka8 90.Kd6 Kb8 91.Kd7 Ka8
92.a6 Kb8 93.a7+ Ka8 94.Kc7  1/2-1/2

[Event "chess.com Speed 1m+1spm 2017"]
[Site "chess.com INT"]
[Date "2018.01.03"]
[Round "4.18"]
[White "Carlsen,M"]
[Black "Nakamura,Hi"]
[Result "1-0"]
[WhiteElo "2832"]
[BlackElo "2786"]

1.Nf3 d5 2.g3 g6 3.Bg2 Bg7 4.O-O e5 5.d3 Ne7 6.e4 O-O 7.exd5 Nxd5 8.Re1 Nc6
9.Nc3 Nde7 10.Rb1 a5 11.a3 Re8 12.b4 axb4 13.axb4 Nf5 14.Bg5 f6 15.Bd2 Be6
16.b5 Nce7 17.g4 Nd4 18.Nxd4 Qxd4 19.Bxb7 Bxg4 20.Bf3 Bxf3 21.Qxf3 Ra3 22.b6 c6
23.Ne4 Nf5 24.Bb4 Ra2 25.Bc5 Qd7 26.Ra1 Rxc2 27.Ra7 Qd5 28.Rb1 Rxc5 29.b7 g5
30.b8=Q  1-0

[Event "chess.com Speed 3m+2spm 2017"]
[Site "chess.com INT"]
[Date "2018.01.03"]
[Round "4.15"]
[White "Nakamura,Hi"]
[Black "Carlsen,M"]
[Result "1/2-1/2"]
[WhiteElo "2786"]
[BlackElo "2832"]

1.b3 e5 2.Bb2 d6 3.e3 g6 4.d4 Bg7 5.dxe5 Nd7 6.c4 dxe5 7.Nc3 Ngf6 8.Ba3 Bf8
9.Bb2 Bg7 10.Nf3 O-O 11.Be2 c6 12.O-O Re8 13.b4 e4 14.Nd2 Ne5 15.Ndxe4 Nxe4
16.Nxe4 Nf3+ 17.Bxf3 Bxb2 18.Nd6 Re6 19.Nxc8 Rxc8 20.Rb1 Be5 21.c5 Qe7 22.Qc2 a5
23.a3 axb4 24.axb4 Rd8 25.Rfd1 Rxd1+ 26.Qxd1 h5 27.Qd3 Qf6 28.b5 Kg7 29.h3 Re7
30.bxc6 bxc6 31.Qa6 Re6 32.Be2 Bc7 33.Bc4 Qe5 34.Bxe6 Qh2+ 35.Kf1 Qh1+ 36.Ke2 Qxb1
37.Qa2 Qxa2+ 38.Bxa2 Kf6 39.Bb3 Ke7 40.f4 h4  1/2-1/2

[Event "chess.com Speed 3m+2spm 2017"]
[Site "chess.com INT"]
[Date "2018.01.03"]
[Round "4.14"]
[White "Carlsen,M"]
[Black "Nakamura,Hi"]
[Result "1-0"]
[WhiteElo "2832"]
[BlackElo "2786"]

1.e4 c5 2.Nf3 d6 3.d4 cxd4 4.Nxd4 Nf6 5.Nc3 a6 6.a3 g6 7.Be3 Bg7 8.f3 Nc6
9.Qd2 d5 10.exd5 Nxd5 11.Nxc6 bxc6 12.Bd4 Bxd4 13.Qxd4 O-O 14.O-O-O Qc7 15.Bc4 e5
16.Qd2 Be6 17.Ne4 Rfd8 18.Qg5 Nf4 19.Bxe6 Nxe6 20.Qf6 Rd5 21.h4 Rad8 22.Rde1 Nc5
23.Nc3 R8d6 24.Qg5 f6 25.Qe3 Rd4 26.g4 Qa5 27.Kb1 Na4 28.Ne4 Rd8 29.Nxf6+ Kg7
30.Nh5+ Kg8 31.Qb3+ Kh8 32.Qf7 gxh5 33.Qf6+ Kg8 34.gxh5 Nc3+ 35.Ka1 Rd1+
36.Rxd1 Rxd1+ 37.Rxd1 Nxd1 38.Qe6+ Kf8 39.Qd6+ Kf7 40.Qxd1 Qd5 41.Qxd5+ cxd5
42.b4 Ke6 43.Kb2 Kf5 44.a4 e4 45.fxe4+ dxe4 46.Kc3 Kf4 47.Kd2  1-0

[Event "chess.com Speed 3m+2spm 2017"]
[Site "chess.com INT"]
[Date "2018.01.03"]
[Round "4.13"]
[White "Nakamura,Hi"]
[Black "Carlsen,M"]
[Result "1/2-1/2"]
[WhiteElo "2786"]
[BlackElo "2832"]

1.b3 Nf6 2.Bb2 g6 3.Nf3 Bg7 4.e3 c5 5.d4 cxd4 6.Nxd4 b6 7.Qf3 d5 8.Bb5+ Bd7
9.O-O e5 10.Bxd7+ Qxd7 11.Ne2 e4 12.Qh3 Qxh3 13.gxh3 Nc6 14.Rd1 O-O-O 15.Nbc3 Ne8
16.Rab1 Nc7 17.Nf4 Bxc3 18.Bxc3 Rhe8 19.Rd2 Rd7 20.Rbd1 Ne5 21.Bxe5 Rxe5
22.c4 Rd6 23.a4 a5 24.Nxd5 Nxd5 25.cxd5 Kd7 26.Rd4 Rf6 27.Rc1 Rd6 28.Rcd1 Rf6
29.Kg2 Rg5+ 30.Kf1 Re5 31.b4 Rd6 32.bxa5 bxa5 33.Kg2 Ke7 34.Rc4 Rexd5 35.Rxd5 Rxd5
36.Rxe4+ Kd6 37.h4 Rd2 38.Kf3 Rb2 39.Rd4+ Ke6 40.Kg3 Rb4 41.Kf4 Rb2 42.Kf3 h5
43.Re4+ Kd6 44.Rd4+ Ke6 45.h3 Ra2 46.Kg3 Rb2 47.f3 Rb4 48.Kf4 Rb3 49.e4 Ra3
50.Rc4 f6 51.Rc6+ Ke7 52.Rc7+ Kf8 53.Rc4 Kf7 54.Kg3 Ke6 55.Rc6+ Ke7 56.Rc7+ Kf8
57.Rc4 Ke7 58.Kf2 Kd6 59.Rd4+ Ke5 60.Rc4 Kf4 61.e5+ Kxe5 62.Rc5+ Kf4 63.Rc4+ Ke5
64.Rc5+ Kf4 65.Rc4+  1/2-1/2

[Event "chess.com Speed 3m+2spm 2017"]
[Site "chess.com INT"]
[Date "2018.01.03"]
[Round "4.11"]
[White "Nakamura,Hi"]
[Black "Carlsen,M"]
[Result "0-1"]
[WhiteElo "2786"]
[BlackElo "2832"]

1.b3 Nf6 2.Bb2 g6 3.Nf3 Bg7 4.e3 O-O 5.d4 c5 6.dxc5 Qa5+ 7.c3 Qc7 8.b4 b6
9.cxb6 axb6 10.c4 Bb7 11.Nbd2 Rd8 12.a3 Nc6 13.Rc1 d6 14.Qb3 Ne5 15.Be2 Bc6
16.O-O Ba4 17.Qa2 Ned7 18.Nd4 Rdc8 19.Nb1 Ne5 20.Nc3 Bd7 21.Nd5 Qd8 22.Qb3 h5
23.Nxf6+ Bxf6 24.Nb5 Be6 25.Nd4 Bd7 26.f4 Ng4 27.h3 Nh6 28.Bf3 Ba4 29.Qd3 Ra7
30.b5 Nf5 31.g4 hxg4 32.hxg4 Nxd4 33.Bxd4 e5 34.Bc3 exf4 35.exf4 Bxc3 36.Rxc3 Qf6
37.Bc6 Re7 38.Qd2 Re2 39.Qxe2 Qxc3 40.Rf3 Qd4+ 41.Kh2 Bd1 42.Qe3 Qxc4 43.Rg3 Kg7
44.Kg1 Rh8 45.g5 Rh4 46.Qc3+ Qxc3 47.Rxc3 Rxf4 48.Rd3 Ba4 49.Rxd6 Rg4+ 50.Bg2 Rxg5
51.Rxb6 Bxb5 52.Kf2 Bd7 53.Rb7 Be6 54.Ra7 Rc5 55.a4 Rc2+ 56.Kg3 Ra2 57.a5 Ra3+
58.Kf2 g5 59.Bc6 g4 60.a6 Kf6 61.Ra8 Ke5 62.Bb7 Kf4 63.Rf8 g3+ 64.Ke2 f5
65.Rf6 Bc4+ 66.Kd2 Bxa6  0-1

[Event "chess.com Speed 3m+2spm 2017"]
[Site "chess.com INT"]
[Date "2018.01.03"]
[Round "4.10"]
[White "Carlsen,M"]
[Black "Nakamura,Hi"]
[Result "1/2-1/2"]
[WhiteElo "2832"]
[BlackElo "2786"]

1.e4 c5 2.Nf3 d6 3.Bb5+ Bd7 4.c4 Nf6 5.Nc3 a6 6.Bxd7+ Nbxd7 7.d4 cxd4 8.Nxd4 Rc8
9.Qe2 Qc7 10.b3 b5 11.Nd5 Nxd5 12.exd5 bxc4 13.O-O Nf6 14.Bg5 Nxd5 15.Rac1 c3
16.Qxa6 e6 17.Rfd1 Qd7 18.Nb5 f6 19.Be3 Be7 20.Rxd5 exd5 21.Nxc3 Kf7 22.Qd3 d4
23.Bxd4 d5 24.Rd1 Bb4 25.Ne2 Qc6 26.Be3 Rhd8 27.Qxh7 Qc2 28.Qh5+ Kg8 29.Nd4 Qe4
30.h3 Bc5 31.a4 Bxd4 32.Rxd4 Qb1+ 33.Qd1 Qxd1+ 34.Rxd1 Rc3 35.b4 Rc4 36.Bb6 Ra8
37.a5 Rxb4 38.Rxd5 Rc8 39.g3 Ra4 40.Kg2 Rc2 41.h4 Raa2 42.h5 Kh7 43.Be3 Rc3
44.Bb6 Rb3 45.Kh3 Rb1 46.Be3 Rh1+ 47.Kg2 Re1 48.Kf3 Ra3 49.g4 Rea1 50.Rd7 Kg8
51.g5 fxg5 52.Kg2 Rxa5 53.Bd4 Rd1 54.Rxg7+ Kf8 55.Bf6 Rf5 56.Bc3 Rc5 57.Bf6 Rf5
58.Bc3 Rd3 59.Rc7 Rdf3 60.Bd4 Rf7 61.Rc8+ Ke7 62.Rg8 R3f5 63.Be3 Rh7 64.Rxg5 Rxh5
65.Rxh5 Rxh5 66.Kf3  1/2-1/2

[Event "chess.com Speed 5m+2spm 2017"]
[Site "chess.com INT"]
[Date "2018.01.03"]
[Round "4.8"]
[White "Carlsen,M"]
[Black "Nakamura,Hi"]
[Result "1-0"]
[WhiteElo "2832"]
[BlackElo "2786"]

1.d4 Nf6 2.c4 g6 3.Nc3 Bg7 4.e4 d6 5.Nf3 O-O 6.h3 e5 7.d5 a5 8.Be3 Na6 9.g4 Nd7
10.Nd2 Ndc5 11.Rg1 Kh8 12.a3 Bd7 13.Qc2 c6 14.O-O-O cxd5 15.cxd5 Rc8 16.Kb1 a4
17.h4 f5 18.h5 f4 19.Bxc5 Nxc5 20.hxg6 hxg6 21.g5 Rf7 22.Bb5 Kg8 23.Bxd7 Qxd7
24.Nc4 Qd8 25.Nb5 Bf8 26.Rh1 Qd7 27.Nc3 Rc7 28.Nb6 Qe8 29.f3 Nb3 30.Nbxa4 Nd4
31.Qh2 Rh7 32.Qf2 b5 33.Rxh7 Rxh7 34.Nb6 Qd8 35.Nxb5 Nxb5 36.Nc4 Nd4 37.Qg2 Rc7
38.Rc1 Qc8 39.Qf1 Nb3 40.Rc3 Nd4 41.Ka2 Qa6 42.Qd3 Qa7 43.Nd2 Be7 44.Rxc7 Qxc7
45.Nb3 Qc2 46.Qxc2 Nxc2 47.Na5 Bxg5 48.Nc6 Kf7 49.a4 Bh4 50.a5 Bf2 51.b4 Ke8
52.b5 Kd7 53.b6 Kc8 54.Kb3 Nd4+ 55.Kc4 Kb7 56.Nd8+ Ka6 57.b7 Ka7 58.a6 g5
59.Nf7 Bh4 60.Nxd6 g4 61.Nc8+ Kb8 62.Nb6  1-0

[Event "chess.com Speed 5m+2spm 2017"]
[Site "chess.com INT"]
[Date "2018.01.03"]
[Round "4.7"]
[White "Nakamura,Hi"]
[Black "Carlsen,M"]
[Result "0-1"]
[WhiteElo "2786"]
[BlackElo "2832"]

1.e4 e5 2.Nf3 Nc6 3.d4 exd4 4.Nxd4 Bb4+ 5.c3 Bc5 6.Nf5 g6 7.Be3 Bf8 8.Nd4 Bg7
9.g3 Nf6 10.Bg2 O-O 11.O-O Re8 12.Nd2 d6 13.h3 Ne5 14.f4 Ned7 15.Bf2 Nc5
16.Qc2 Bd7 17.Rfe1 a5 18.Rad1 Qc8 19.Kh2 h5 20.N4f3 Ne6 21.e5 dxe5 22.Nxe5 h4
23.Nxd7 Nxd7 24.f5 Nef8 25.g4 Be5+ 26.Kh1 Bg3 27.Bxg3 hxg3 28.Ne4 gxf5 29.gxf5 Ra6
30.Qd3 Kh8 31.Qxg3 Nh7 32.Qh4 Nf6 33.Nxf6 Rxe1+ 34.Rxe1 Rxf6 35.Be4 b6 36.Qf4 Qd8
37.Rg1 Qd6 38.Qg4 Qf8 39.Bd5 Rh6 40.Qd4+ Nf6 41.Bg2 Qe7 42.Qd2 Ng4 43.Re1 Qh4
44.Re8+ Kh7 45.Qd4 Nf2+ 46.Kh2 Qxd4 47.cxd4 Rd6 48.Re7 Kg7 49.d5 Nd3 50.Rxc7 Nb4
51.Rc3 Rd7 52.f6+ Kxf6 53.a3 Nxd5 54.Rd3 Ke5 55.Rxd5+ Rxd5 56.Bxd5 Kxd5 57.h4 Ke4
58.Kg3 f5 59.h5 Ke3 60.h6 f4+ 61.Kg4 f3 62.h7 f2 63.h8=Q f1=Q 64.Qc3+ Qd3
65.Qc1+ Ke2 66.Qc6 Qd4+ 67.Kf5 Kd3 68.Ke6 Qxb2 69.a4 Qb4 70.Qf3+ Kc2  0-1

[Event "chess.com Speed 1m+1spm 2017"]
[Site "chess.com INT"]
[Date "2018.01.03"]
[Round "4.26"]
[White "Carlsen,M"]
[Black "Nakamura,Hi"]
[Result "1-0"]
[WhiteElo "2832"]
[BlackElo "2786"]

1.e4 c5 2.Nf3 d6 3.Bb5+ Bd7 4.Bxd7+ Nxd7 5.O-O Ngf6 6.d3 g6 7.Ng5 Bg7 8.f4 O-O
9.c4 Nb8 10.Nc3 Nc6 11.Be3 a6 12.a4 e6 13.Kh1 Qe7 14.Qe1 Rad8 15.Rd1 d5 16.e5 d4
17.exf6 Bxf6 18.Qh4 h5 19.g4 dxe3 20.gxh5 Nd4 21.Rde1 Nf5 22.Qh3 Bxg5 23.fxg5 Qxg5
24.hxg6 fxg6 25.Rg1 Qf6 26.Ne4 Qg7 27.Nxc5 Rfe8 28.a5 Kf7 29.Qg2 Re7 30.Rgf1 Qd4
31.b4 Rh8 32.Re2 Kg7 33.Rg1 Rh6 34.Qe4 e5 35.Qxf5 Qf4 36.Qg4 Kh7 37.Ne4 Kg7
38.Qg3 Re8 39.Rxe3 Rxh2+ 40.Kxh2  1-0

[Event "chess.com Speed 1m+1spm 2017"]
[Site "chess.com INT"]
[Date "2018.01.03"]
[Round "4.25"]
[White "Nakamura,Hi"]
[Black "Carlsen,M"]
[Result "1-0"]
[WhiteElo "2786"]
[BlackElo "2832"]

1.b3 a5 2.Bb2 a4 3.e3 e6 4.Nf3 Nf6 5.Nc3 a3 6.Bc1 d5 7.d4 Bb4 8.Bd2 O-O 9.Bd3 Re8
10.Ne2 Bxd2+ 11.Qxd2 Nbd7 12.c4 e5 13.dxe5 Nxe5 14.Nxe5 Rxe5 15.O-O dxc4
16.Bxh7+  1-0